00505nam a2200145Ia 4500008004100000020001500041082002000056100002700076245002600103260004000129300001700169942000700186999001700193952014900210230413s9999||||xx |||||||||||||| ||und|| a8170298482 a005.432 bK1636 aKanetkar, Yashavant P. 0aTest your Unix skills aNew Delhi bBPB Publications c2003 aviii, 202 p. cBK c26255d26255 0010406005_432000000000000_K163670950701aCLbCLd2023-04-13eGifted by Shailendra S Kathait (6049) o005.432 K1636pG00520r2023-04-13yBK